00421nam a2200181Ia 4500003000900000008004100009040001300050040001300063041000800076100002000084245007300104250001200177260001400189260000900203300001100212300001000223490000600233IT-RoPAU120407s9999 xx 000 0 und d aIT-RoPAU cIT-RoPAU aita aHans Schachtner aBibbia - Fede - Chiesa. Dizionario Biblico-teologico per i giovani aBrescia aLa Scuola c1972 a414 p. c24 cm v1